Statistics for 駅名クイズ - JR東海 ver.

Click here to take the quiz!

General Stats

  • This quiz has been taken 23 times
  • The average score is 192 of 411

Answer Stats

NumberAnswer% Correct
CG25高山
93%
CA82醒ケ井
93%
CA68 / CF00
CJ00
名古屋
93%
岐阜羽島
93%
CA42 / CD00豊橋
93%
CA74 / CG00岐阜
93%
CA83米原
93%
CA79関ケ原
93%
CJ11四日市
87%
CA54安城
87%
CF19中津川
87%
CB10御殿場
87%
CA29袋井
87%
CA31磐田
87%
東京
87%
CA34浜松
87%
CA17静岡
87%
CA78垂井
87%
CA77大垣
87%
CA76穂積
87%
CA75西岐阜
87%
CA72尾張一宮
87%
CA66 / CF01金山
87%
87%
CJ07桑名
87%
CA16東静岡
87%
CA08 / CC00富士
87%
新横浜
87%
小田原
87%
新富士
87%
京都
87%
新大阪
87%
CA00熱海
87%
CA01函南
87%
CA02三島
87%
CA03 / CB18沼津
87%
品川
87%
CG07 / CI00美濃太田
87%
CA55三河安城
87%
CA13興津
87%
CA12由比
87%
飯田
87%
CE09武豊
80%
CA73木曽川
80%
CA58刈谷
80%
CA60 / CE00大府
80%
CA65熱田
80%
CJ17亀山
80%
新宮
80%
CF09高蔵寺
80%
CB00国府津
80%
CF12 / CI07多治見
80%
伊那市
80%
CF30木曽福島
80%
塩尻
80%
天竜峡
80%
CG16下呂
80%
CA81近江長岡
80%
美濃赤坂
80%
鳥羽
80%
CA52岡崎
80%
CA11蒲原
80%
CA27掛川
80%
CA45三河大塚
80%
CA24島田
80%
CA22藤枝
80%
CA20焼津
80%
CA46三河三谷
80%
CD05豊川
73%
CG04各務ヶ原
73%
伊勢市
73%
CB04松田
73%
猪谷
73%
CA15草薙
73%
CA06東田子の浦
73%
CG05鵜沼
73%
CA25金谷
73%
辰野
73%
松阪
73%
CA09富士川
73%
CA14清水
73%
CC06富士宮
73%
CA30御厨
73%
CF11古虎渓
73%
身延
73%
CF07春日井
73%
CF04大曽根
73%
CA28愛野
73%
尾鷲
73%
CA35高塚
73%
CA39鷲津
73%
CA50幸田
73%
CA56東刈谷
73%
CA67尾頭橋
73%
CA71稲沢
73%
CA40新所原
73%
CA47蒲郡
73%
CA37弁天島
73%
CA38新居町
67%
CA69枇杷島
67%
CA19用宗
67%
CA36舞阪
67%
CA48三河塩津
67%
熊野市
67%
CJ12南四日市
67%
CA70清洲
67%
CF23南木曽
67%
CA10新蒲原
67%
CA18安倍川
67%
CA80柏原
67%
CA21西焼津
67%
CJ05弥富
67%
CJ03蟹江
67%
CA33天竜川
67%
CJ01八田
67%
CF03千種
67%
中部天竜
67%
CA44愛知御津
67%
CA41二川
67%
CC07西富士宮
67%
新城
67%
飛騨一ノ宮
67%
CB15長泉なめり
67%
CA53西岡崎
67%
甲府
67%
CA26菊川
67%
CA05
67%
CB06山北
67%
白川口
67%
紀伊長島
67%
CF02鶴舞
60%
CA32豊田町
60%
CA51相見
60%
CJ02春田
60%
荒尾
60%
鰍沢口
60%
CJ06長島
60%
CJ08朝日
60%
CJ09富田
60%
CA57野田新町
60%
CA61共和
60%
多気
60%
CA62南大高
60%
CA49三ケ根
60%
CI02可児
60%
CA63大高
60%
CA07吉原
60%
CF17恵那
60%
CF06勝川
60%
CA43西小坂井
60%
飛騨金山
60%
上呂
60%
CE07半田
60%
駒ケ根
60%
奈良井
60%
CF18美乃坂本
60%
CA04片浜
60%
CG28飛騨古川
60%
CF14瑞浪
60%
CB11南御殿場
60%
伊勢奥津
60%
CA23六合
60%
CA64笠寺
60%
三瀬谷
53%
CD01船町
53%
相可
53%
CB08駿河小山
53%
CD02下地
53%
CB05東山北
53%
CA59逢妻
53%
CF05新守山
53%
一身田
53%
CF16武並
53%
CF08神領
53%
CF29上松
53%
小和田
53%
CF10定光寺
53%
CF13土岐市
53%
CJ04永和
53%
落合川
53%
CF15釜戸
53%
CI04
47%
本長篠
47%
市川大門
47%
CG06坂祝
47%
南甲府
47%
CG02那加
47%
平岡
47%
水窪
47%
下麻生
47%
飛騨小坂
47%
鵜殿
47%
九鬼
47%
CJ13河原田
47%
阿漕
47%
CB01下曽我
47%
六軒
47%
坂下
47%
木曽平沢
47%
CB09足柄
47%
CB14裾野
47%
大桑
47%
CJ14河曲
47%
CE01尾張森岡
40%
十二兼
40%
宮田
40%
元善光寺
40%
CJ10富田浜
40%
CJ16井田川
40%
温田
40%
為栗
40%
善光寺
40%
佐奈
40%
佐久間
40%
CD03小坂井
40%
東栄
40%
三河一宮
40%
三河槙原
40%
CE04東浦
40%
大海
40%
CE08東成岩
40%
上麻生
40%
賀田
40%
五十鈴ヶ丘
40%
家城
40%
久々野
40%
飛騨萩原
40%
CG01長森
40%
日出塩
40%
贄川
40%
洗馬
40%
芝川
40%
伊那大島
33%
CI01美濃川合
33%
長篠城
33%
原野
33%
湯谷温泉
33%
二見浦
33%
宮ノ越
33%
宮川
33%
CB02上大井
33%
三河東郷
33%
伊勢八太
33%
大嵐
33%
北殿
33%
市田
33%
33%
CJ15加佐登
33%
中井侍
33%
伊那北
33%
田立
33%
焼石
33%
千代
33%
古井
33%
伊那福岡
33%
伊那松島
33%
33%
徳和
33%
栃原
33%
阿田和
33%
三野瀬
33%
梅ケ谷
33%
紀伊井田
33%
大曽根浦
33%
CD04牛久保
33%
金手
33%
野田城
33%
新鹿
33%
高茶屋
33%
CB12富士岡
27%
桜町
27%
切石
27%
飛騨細江
27%
下市田
27%
下山村
27%
相賀
27%
坂上
27%
CB16下土狩
27%
CB17大岡
27%
飛騨国府
27%
甲斐上野
27%
CC01柚木
27%
飯島
27%
下油井
27%
藪原
27%
稲子
27%
沢渡
27%
倉本
27%
CG03蘇原
27%
須原
27%
下部温泉
27%
内船
27%
27%
野尻
27%
CE02緒川
27%
駄科
27%
杉原
27%
伊勢鎌倉
27%
伊勢竹原
27%
比津
27%
出馬
27%
一志
27%
三河川合
27%
田丸
27%
伊那小沢
27%
長山
27%
下庄
27%
国母
27%
大泊
27%
山田上口
27%
紀伊市木
27%
田本
27%
松下
27%
CB07谷峨
27%
金野
27%
東花輪
27%
外城田
20%
十島
20%
CE06乙川
20%
伊勢八知
20%
井出
20%
CC02竪堀
20%
中川辺
20%
CC04富士根
20%
有井
20%
CI06小泉
20%
禅昌寺
20%
井関
20%
飛騨宮田
20%
神志山
20%
権現前
20%
CB13岩波
20%
上枝
20%
上ノ庄
20%
CB03相模金子
20%
角川
20%
甲斐大島
20%
茶臼山
20%
大内山
20%
甲斐住吉
20%
高遠原
20%
伊勢柏崎
20%
阿曽
20%
伊那上郷
20%
塩之沢
20%
滝原
20%
向市場
20%
落居
20%
早瀬
20%
柿平
20%
江島
20%
三河大野
20%
東上
20%
鳥居
20%
田切
20%
羽場
20%
甲斐岩間
20%
大田切
20%
宮木
20%
伊那新町
20%
久那土
20%
東新町
20%
甲斐常葉
20%
城西
13%
小井川
13%
常永
13%
鶯巣
13%
川添
13%
寄畑
13%
伊勢大井
13%
関ノ宮
13%
波高島
13%
相月
13%
下川合
13%
唐笠
13%
浦川
13%
上市場
13%
池場
13%
CE05亀崎
13%
波田須
13%
CE03石浜
13%
CI03下切
13%
CI05根本
13%
小町屋
13%
市川本町
13%
CC05源道寺
13%
沼久保
13%
CC03入山瀬
13%
伊那本郷
13%
七久保
13%
上片桐
13%
赤木
13%
船津
13%
山吹
13%
田畑
13%
芦川
13%
市ノ瀬
13%
三木里
13%
毛賀
13%
時又
13%
伊勢川口
7%
下平
7%
杉崎
7%
伊那八幡
7%
木ノ下
7%
伊那田島
7%
打保
7%
門島
7%
三木島
7%
川路
7%
下島
7%

Score Distribution

Percentile by Number Answered

Percent of People with Each Score

Your Score History

You have not taken this quiz